000 00530nam a2200217Ia 4500
003 OSt
005 20220924143420.0
006 a|||||r|||| 00| 0
007 ta
008 220923b |||||||| |||| 00| 0 urd d
024 _a308088
037 _cTextual
040 _aARTS
_cARTS
_burd
041 _2urd
_aurd
082 _aDelta73y7E78, 168M80
245 0 _aGuldasta e karamat
260 _c1980
650 _aSPIRurdALISM
942 _hDelta73y7E78, 168M80
_cTEXL
_2CC
999 _c454383
_d454383